El delito de giro doloso de cheques ante la doctrina y la jurisprudencia

Sparad:
Bibliografiska uppgifter
Huvudupphovsman: Silva Silva, Hernán Octavio (Författare, medförfattare)
Materialtyp: Bok
Språk:spanska
Publicerad: Santiago Jurídica 1998
Upplaga:3a. ed
Ämnen:
Taggar: Lägg till en tagg
Inga taggar, Lägg till första taggen!

MARC

LEADER 00000nam a2200000 a 4500
001 UCQ8163
003 CL-VaPUC
008 981127e19980000CL |||||||||||||||||spa|d
082 0 4 |a 364.168  |b SIL  |2 21 
100 0 |a Silva Silva, Hernán Octavio  |e author  |9 421975 
245 1 3 |a El delito de giro doloso de cheques ante la doctrina y la jurisprudencia 
250 |a 3a. ed 
300 |a v 
942 |c BK 
945 |d 19981127 00:00:00  |a aarredon 
260 |a Santiago  |b Jurídica  |c 1998 
650 7 |a DERECHO  |2 CL-VaPUC  |9 421976 
650 0 |a Cheques  |9 254910 
650 7 |a LEGISLACION  |2 CL-VaPUC  |9 421977 
650 7 |a MEDIDAS PENALES  |2 CL-VaPUC  |9 255652 
650 7 |a DERECHO PENAL  |2 CL-VaPUC  |9 11 
650 0 |a Delitos  |9 224143 
650 7 |a DELITOS SOBRE CHEQUES  |2 CL-VaPUC  |9 377305 
583 |a last modification  |c 19981127 00:00:00  |k Rodrigo Vera 
999 |c 277458  |d 277456 
952 |0 0  |1 0  |4 0  |6 364_168000000000000_SIL_1998  |7 0  |8 A  |9 315394  |a BIBDER  |b BIBDER  |d 2019-11-20  |h v.1  |i 3485013  |o 364.168 SIL 1998  |p 3485013  |r 2023-01-25  |w 2019-11-20  |y BK  |k DER 
952 |0 0  |1 0  |4 0  |6 364_168000000000000_SIL_1998  |7 0  |8 A  |9 315395  |a BIBDER  |b BIBDER  |d 2019-11-20  |h v.2  |i 3485021  |o 364.168 SIL 1998  |p 3485021  |r 2023-01-25  |w 2019-11-20  |y BK  |k DER